000 00668cam a2200229ki 4500
999 _c507
_d507
001 548322
003 OSt
005 20180818115109.0
008 020827s2001 enka 000 0 eng d
020 _a1852402997
035 _a(OCoLC)ocn281030689
040 _aDLC
_cDLC
082 _a231.8
_bM994C
090 _aBT732.7
_b.M93 2001
100 1 _aMwanza, Pukuta N.
245 1 2 _aA Christian attitude towards suffering and pain /
_cPukuta N. Mwanza.
260 _aKent, England :
_bSovereign World,
_cc2001.
300 _a95 p. ;
_c20 cm.
650 0 _aSuffering
_xReligious aspects
_xChristianity.
650 0 _aPain
_xReligious aspects
_xChristianity.
942 _2ddc
_cBK